000 00867nam a2200277 a 4500
001 BRL_1456
005 20190320211221.0
008 150114s1974----nyua######---#001-0#eng-#
020 _a0486230392
041 _aeng
044 _anyu
050 4 _aF1219.3.A7
_b.F54 1974
100 1 _aField, Frederick Vanderbilt
_d1905-
_926978
245 1 0 _aPre-Hispanic mexican stamp designs
_cby Frederick V. Field.
260 _aNew York
_bDover Publications
_c1974
300 _axiv, 208 p.
_bil., mapas
_c29 cm.
440 0 _aDover pictorial archive series
_91093
500 _aAu1824
504 _aBibliografía: p. [207]-208.
650 1 4 _aArte indígena
_zMéxico
_9597
650 1 4 _aIndígenas de México
_xAntigüedades
_9509
650 1 4 _aDecoración y ornamentación
_zMéxico
_95596
651 4 _aMéxico
_xAntigüedades
_92765
902 _aGRL
942 _2lcc
_cB
999 _c10266
_d10266